Los amantes de Teruel / (Record no. 139085)

MARC details
000 -LEADER
campo de control de longitud fija 00685nam a2200217 i 4500
001 - NÚMERO DE CONTROL
campo de control 139085
003 - IDENTIFICADOR DE NÚMERO DE CONTROL
campo de control ES-MaACL
005 - FECHA Y HORA DE LA ÚLTIMA TRANSACCIÓN
campo de control 20250827090954.0
007 - CAMPO FIJO DE DESCRIPCIÓN FÍSICA--INFORMACIÓN GENERAL
campo de control de longitud fija t|
008 - DATOS DE LONGITUD FIJA--INFORMACIÓN GENERAL
campo de control de longitud fija 070214s1956 sp a |||| |dspa d
100 0# - ENTRADA PRINCIPAL--NOMBRE DE PERSONA
Nombre de persona Sanz y Díaz, José,
Fechas asociadas al nombre 1907-1988
9 (RLIN) 103694
245 14 - MENCIÓN DEL TÍTULO
Título Los amantes de Teruel /
Mención de responsabilidad, etc. por José Sanz y Díaz.
246 34 - FORMA VARIANTE DEL TITULO
Título propio/Titulo breve Teruel y los amantes
260 ## - PUBLICACIÓN, DISTRIBUCIÓN, ETC.
Lugar de publicación, distribución, etc. Madrid :
Nombre del editor, distribuidor, etc. Publicaciones Españolas,
Fecha de publicación, distribución, etc. 1956.
300 ## - DESCRIPCIÓN FÍSICA
Extensión 29 p. :
Otras características físicas il. ;
Dimensiones 24 cm.
490 1# - MENCIÓN DE SERIE
Mención de serie Temas españoles ;
Designación de volumen o secuencia 276
650 #7 - PUNTO DE ACCESO ADICIONAL DE MATERIA--TÉRMINO DE MATERIA
Término de materia o nombre geográfico como elemento de entrada Amantes de Teruel (Leyenda)
Fuente del encabezamiento o término embne
9 (RLIN) 150826
830 1# - PUNTO DE ACCESO ADICIONAL DE SERIE-TÍTULO UNIFORME
Título uniforme Temas españoles ;
Designación de volumen o secuencia 276
9 (RLIN) 178712
852 ## - LOCALIZACIÓN
Ubicación ES-MaACL
Número de control de estantería 1980-F-7
Holdings
Estatus retirado Estado de pérdida Estado de daño No para préstamo Colección Biblioteca de origen Biblioteca actual Ubicación en estantería Fecha de adquisición Fuente de adquisición Total de préstamos Signatura topográfica completa Código de barras Visto por última vez Precio de reemplazo Tipo de ítem Koha
        Colección de folletos Biblioteca del Ateneo de Madrid Biblioteca del Ateneo de Madrid Depósito folletos 17/01/2008     1980-F-7 1144738 23/02/2023 23/02/2023 Folleto